书目信息 |
| 题名: |
美丽的女人会保养
|
|
| 作者: | 魏辉霞 编著 | |
| 分册: | ||
| 出版信息: | 北京 朝华出版社 2009.06 |
|
| 页数: | 240页 | |
| 开本: | 23cm | |
| 丛书名: | ||
| 单 册: | ||
| 中图分类: | R173 | |
| 科图分类: | ||
| 主题词: | 女性--nu xing--保健--基本知识 | |
| 电子资源: | ||
| ISBN: | 978-7-5054-2135-6 | |
| 000 | 00890nam0 2200241 450 | |
| 001 | 012009122562 | |
| 005 | 20090921085634.43 | |
| 010 | @a978-7-5054-2135-6@dCNY32.00 | |
| 100 | @a20090921d2009 em y0chiy0120 ea | |
| 101 | 0 | @achi |
| 102 | @aCN@b110000 | |
| 105 | @aa z 000yy | |
| 106 | @ar | |
| 200 | 1 | @a美丽的女人会保养@Amei li de nu ren hui bao yang@e女性最佳调养手册@f魏辉霞编著@Fwei hui xia bian zhu |
| 210 | @a北京@c朝华出版社@d2009.06 | |
| 215 | @a240页@c图@d23cm | |
| 330 | @a本书共分为九篇,分别为:护肤调养——皮肤是女人最美丽的衣服;饮食调养——健康与美丽是吃出来的;运动调养——有动感的女人最美丽;睡眠调养——美人是睡出来的。 | |
| 517 | 1 | @a女性最佳调养手册@Anu xing zui jia tiao yang shou ce |
| 606 | 0 | @a女性@Anu xing@x保健@x基本知识 |
| 690 | @aR173@v4 | |
| 701 | 0 | @a魏辉霞@Awei hui xia@4编著 |
| 801 | 0 | @aCN@bQSSK@c20090921 |
| 905 | @b757520-22@dR173@eW588@f3 | |
| 美丽的女人会保养:女性最佳调养手册/魏辉霞编著.-北京:朝华出版社,2009.06 |
| 240页:图;23cm |
| ISBN 978-7-5054-2135-6:CNY32.00 |
| 本书共分为九篇,分别为:护肤调养——皮肤是女人最美丽的衣服;饮食调养——健康与美丽是吃出来的;运动调养——有动感的女人最美丽;睡眠调养——美人是睡出来的。 |
| ● |
| 相关链接 |
|
|
|
正题名:美丽的女人会保养
索取号:R173/W588
 
预约/预借
| 序号 | 登录号 | 条形码 | 馆藏地/架位号 | 状态 | 备注 |
| 1 | 757520 | 207575202 | 自科库401/401自科库 7排4列3层/ [索取号:R173/W588] | 在馆 | |
| 2 | 757521 | 207575211 | 自科库401/401自科库 7排4列3层/ [索取号:R173/W588] | 在馆 | |
| 3 | 757522 | 207575220 | 自科库401/401自科库 7排4列3层/ [索取号:R173/W588] | 在馆 |